000
00297nam a22001097a 4500
003
SGT
082
_a
150,YOG
100
_a
Yogita Solanki-211001002
245
_a
Construction and Validation of the Psychological Well Being Scale for the Secondary School Students
260
_c
2021
942
_2
ddc
_c
TH
999
_c
29388
_d
29388